El mejor regalo del mundo : (Registro nro. 7674)
[ vista simple ]
| 000 -LIDER | |
|---|---|
| fixed length control field | 00957nam a2200265 a 4500 |
| 001 - NÚMERO DE CONTROL | |
| Identificador de número de control | 00002369 |
| 003 - IDENTIFICACDOR DE NÚMERO DE CONTROL | |
| control field | DO-SdBNP |
| 005 - DATE AND TIME OF LATEST TRANSACTION | |
| control field | 20180327090705.0 |
| 007 - CAMPOS FIJOS DE DESCRIPCIÓN FÍSICA | |
| fixed length control field | 00002369 |
| 008 - ELEMENTOS DE LONGITUD FIJA | |
| fixed length control field | 150414s2009 000 spa d |
| 020 ## - ISBN | |
| International Standard Book Number | 9789945429138 |
| 040 ## - FUENTE DE CATALOGACIÓN | |
| Agencia que crea de manera original el registro | BPMSU |
| Idioma de catalogación | spa |
| Agencia que realiza la transcripción | BPMSU |
| 100 ## - ASIENTO PRINCIPAL -- NOMBRE PERSONAL | |
| Nombre personal | Alvarez, Julia |
| 245 #3 - MENCIÓN DE TITULO | |
| Título | El mejor regalo del mundo : |
| Subtítulo | la leyenda de la vieja Belén = the best gift of all : the legend of la vieja Belén |
| Mención de responsabilidad | Julia Álverez ; ilustraciones Ruddy Núñez ; traducción Rhina P. Espaillat |
| 246 ## - VARIACION DEL TÍTULO | |
| Título propiamente dicho o título corto | the best gift of all : |
| Subtítulo | the legend of la vieja Belén |
| 260 ## - PUBLICACIÓN, DISTRIBUCIÓN, ETC. (PIE DE IMPRENTA) | |
| Lugar de publicación, distribución, etc | Santo Domingo : |
| Nombre del editor, distribuidor, etc. | Grupo Santillana, |
| Fecha de publicación, distribución, etc | 2009. |
| 300 ## - DESCRIPCIÓN FÍSICA | |
| Extensión | 31 p. : |
| Otros detalles físicos | il., |
| Dimensiones | 20 cm. |
| 490 ## - MENCIÓN DE SERIES | |
| Mención de serie | Alfaguara infantil |
| 700 ## - ASIENTO SECUNDARIO -- NOMBRE PERSONAL | |
| Término de relación | Espaillat, Rhina P. |
| Nombre personal | tr. |
| 700 ## - ASIENTO SECUNDARIO -- NOMBRE PERSONAL | |
| Término de relación | Núñez, Ruddy |
| Nombre personal | il. |
| 830 ## - ASIENTO SECUNDARIO DE SERIE--TÍTULO UNIFORME | |
| Nombre de la parte o sección de una obra | Alfaguara infantil |
| 942 ## - ADDED ENTRY ELEMENTS (KOHA) | |
| Source of classification or shelving scheme | Dewey Decimal Classification |
| Koha item type | Libros |
| 945 ## - INFORMACIÓN DE PROCESAMIENTO LOCAL | |
| Información de procesamiento local | Inventariado infantil dom / 2017 VM |
| 956 ## - LOCAL ELECTRONIC LOCATION AND ACCESS (OCLC) | |
| Nombre de host | VMATEO |
| Número de acceso | 10 |
| Información de compresión | 20150904 |
| Inicio de sesión | BPMSU |
| Procesador de solicitud | 00151 |
| Withdrawn status | Lost status | Source of classification or shelving scheme | Damaged status | Not for loan | Collection code | Home library | Current library | Date acquired | Source of acquisition | Total Checkouts | Barcode | Date last seen | Price effective from | Koha item type | Copy number |
|---|---|---|---|---|---|---|---|---|---|---|---|---|---|---|---|
| Dewey Decimal Classification | Colección Infantil Dominicana | Biblioteca Pública Metropolitana Salomé Ureña | Biblioteca Pública Metropolitana Salomé Ureña | 04/21/2015 | Alfaguara | BPMSU15040371 | 04/21/2015 | 04/21/2015 | Libros | ||||||
| Dewey Decimal Classification | Colección Infantil Dominicana | Biblioteca Pública Metropolitana Salomé Ureña | Biblioteca Pública Metropolitana Salomé Ureña | 04/21/2015 | Alfaguara | BPMSU15040372 | 04/21/2015 | 04/21/2015 | Libros | e. 2 | |||||
| Dewey Decimal Classification | Colección Infantil Dominicana | Biblioteca Pública Metropolitana Salomé Ureña | Biblioteca Pública Metropolitana Salomé Ureña | 04/21/2015 | Alfaguara | BPMSU15040373 | 04/21/2015 | 04/21/2015 | Libros | e. 3 |